Song Titles by Synonyms #2 - Statistics

General Stats
  • This quiz has been taken 35 times
  • The average score is 9 of 20
Answer Stats
Synonym Song Title % Correct
Survivin' on a Wish Livin' on a Prayer
82%
Golden Submersible Yellow Submarine
74%
Soar Me to the Cratered Space Sphere Fly Me to the Moon
71%
Thug's Haven Gangsta's Paradise
65%
Nearly One Hundred Crimson Rubber Air Containers 99 Luft Balloons
62%
Continent Africa
62%
Yankee Imbecile American Idiot
56%
At The Finish In The End
56%
Organshatter Inn Heartbreak Hotel
53%
Returned in Darkness Back in Black
50%
Refrain From Ceasing to Hope Don't Stop Believin'
50%
Some Place Past the Color Bands Somewhere Over the Rainbow
50%
Tan-Optic Female Brown-eyed Girl
35%
Every Sun All Star
29%
Plum Mist Purple Haze
29%
Lift on Directional Child Carry on Wayward Son
26%
Elevated Goals High Hopes
21%
Japanese Turn Tokyo Drift
12%
A Thing Very Similar to the Current Thing Something Just Like This
9%
Deutsch Infaltry's Tune German Soldier's Song (Erika)
6%
No matching quizzes found
Score Distribution
Percent of People with Each Score
Percentile by Number Answered
Your Score History
You have not taken this quiz